WHO MONOGRAPHS ON SELECTED MEDICINAL PLANTS (Record no. 8519)
[ view plain ]
| 000 -LEADER | |
|---|---|
| fixed length control field | 00281nam a22001337a 4500 |
| 003 - CONTROL NUMBER IDENTIFIER | |
| control field | SGT |
| 082 ## - DEWEY DECIMAL CLASSIFICATION NUMBER | |
| Classification number | 615 |
| Item number | W00W |
| 100 ## - MAIN ENTRY--PERSONAL NAME | |
| Personal name | WHO |
| 245 ## - TITLE STATEMENT | |
| Title | WHO MONOGRAPHS ON SELECTED MEDICINAL PLANTS |
| 260 ## - PUBLICATION, DISTRIBUTION, ETC. (IMPRINT) | |
| Place of publication, distribution, etc | DELHI |
| Name of publisher, distributor, etc | AITBS PUB |
| Year of Publication | SN |
| 300 ## - PAGE DESCRIPTION | |
| No. of Pages | 289 |
| 650 ## - SUBJECT ADDED ENTRY--TOPICAL TERM | |
| Topical term or geographic name as entry element | MEDICINE |
| 942 ## - ADDED ENTRY ELEMENTS (KOHA) | |
| Source of classification or shelving scheme | Dewey Decimal Classification |
| Koha item type | Books |
| Withdrawn status | Lost status | Source of classification or shelving scheme | Damaged status | Use restrictions | Not for loan | Collection code | Home library | Current library | Shelving location | Date acquired | Vendor Name | Cost, normal purchase price | Volume Information (Serial or Books or Non-Book Material) | SGTU | Bill Number | Full call number | Accession No. (Barcode) | Date last seen | Bill Date | Koha item type | Total Checkouts |
|---|---|---|---|---|---|---|---|---|---|---|---|---|---|---|---|---|---|---|---|---|---|
| Dewey Decimal Classification | Restricted Access | AYURVEDA | SGT FA-FP Library | SGT FA-FP Library | Reference Book | 18/03/2016 | AHUJA | 395.00 | 1 | SGTU | 6404 | 615 W00W | FA3792 | 18/03/2016 | 22/12/2015 | Books | |||||
| Dewey Decimal Classification | AYURVEDA | SGT FA-FP Library | SGT FA-FP Library | Text Book | 18/03/2016 | AHUJA | 395.00 | 1 | SGTU | 6404 | 615 W00W | FA3793 | 18/03/2016 | 22/12/2015 | Books | ||||||
| Dewey Decimal Classification | AYURVEDA | SGT FA-FP Library | SGT FA-FP Library | Text Book | 18/03/2016 | AHUJA | 395.00 | 1 | SGTU | 6404 | 615 W00W | FA3794 | 18/03/2016 | 22/12/2015 | Books | ||||||
| Dewey Decimal Classification | AYURVEDA | SGT FA-FP Library | SGT FA-FP Library | Text Book | 18/03/2016 | AHUJA | 395.00 | 1 | SGTU | 6404 | 615 W00W | FA3795 | 18/03/2016 | 22/12/2015 | Books | ||||||
| Dewey Decimal Classification | AYURVEDA | SGT FA-FP Library | SGT FA-FP Library | Text Book | 18/03/2016 | AHUJA | 395.00 | 1 | SGTU | 6404 | 615 W00W | FA3796 | 18/03/2016 | 22/12/2015 | Books |